An invitation to fly : (Record no. 8528)
[ view plain ]
| 000 -LEADER | |
|---|---|
| fixed length control field | 00995nam a2200313 a 4500 |
| 001 - CONTROL NUMBER | |
| JCCL Control Number | 8528 |
| 003 - CONTROL NUMBER IDENTIFIER | |
| JCCL marc code | BD - JhCC |
| 005 - DATE AND TIME OF LATEST TRANSACTION | |
| control field | 20180920092906.0 |
| 008 - FIXED-LENGTH DATA ELEMENTS--GENERAL INFORMATION | |
| fixed length control field | 981217s1999 cauab 001 0 eng |
| 020 ## - INTERNATIONAL STANDARD BOOK NUMBER | |
| International Standard Book Number | 0534567908 |
| 035 ## - SYSTEM CONTROL NUMBER | |
| system control number | MITb10877751 |
| -- | (BD - JhCC)8528 |
| 035 ## - SYSTEM CONTROL NUMBER | |
| system control number | (OCoLC)40684773 |
| 040 ## - CATALOGING SOURCE | |
| Original cataloging agency | DLC |
| Transcribing agency | DLC |
| Modifying agency | UKM |
| -- | MYG |
| -- | BD - JhCC |
| 041 ## - LANGUAGE CODE | |
| Language code of Book | eng |
| 050 00 - LIBRARY OF CONGRESS CALL NUMBER | |
| Classification number | TL721.4 |
| Item number | .G53 1999 |
| 082 00 - DEWEY DECIMAL CLASSIFICATION NUMBER | |
| Classification number | 629.132/5217 |
| DDC Edition number | 21 |
| Author mark and Year | GLA 1999 |
| 100 1# - MAIN ENTRY--PERSONAL NAME | |
| Personal name | Glaeser, Dennis. |
| 245 13 - TITLE STATEMENT | |
| Title | An invitation to fly : |
| Remainder of title | basics for the private pilot / |
| Statement of responsibility, etc | Dennis Glaeser, Sanford Gum, Bruce Walters. |
| 250 ## - EDITION STATEMENT | |
| Edition statement | 2nd ed. |
| 260 ## - PUBLICATION, DISTRIBUTION, ETC. (IMPRINT) | |
| Place of publication, distribution, etc | Pacific Grove, CA : |
| Name of publisher, distributor, etc | Brooks/Cole, Wadsworth, |
| Date of publication, distribution, etc | c1999. |
| 300 ## - PHYSICAL DESCRIPTION | |
| Pagination | xviii, 661 p. : |
| Other physical details | ill. (some col.), maps (some col.) ; |
| Dimensions | 24 cm. |
| 500 ## - GENERAL NOTE | |
| General note | Includes a sectional navigational chart in pocket. |
| 500 ## - GENERAL NOTE | |
| General note | Includes indexes. |
| 650 #0 - SUBJECT ADDED ENTRY--TOPICAL TERM | |
| Topical term or geographic name as entry element | Private flying. |
| 700 1# - ADDED ENTRY--PERSONAL NAME | |
| Personal name | Gum, Sanford. |
| 700 1# - ADDED ENTRY--PERSONAL NAME | |
| Personal name | Walters, Bruce |
| Fuller form of name | (Bruce E.) |
| 942 ## - ADDED ENTRY ELEMENTS (KOHA) | |
| Source of classification or shelving scheme | Dewey Decimal Classification |
| Koha item type | Books |
| Source of classification or shelving scheme | Damaged status | Not for loan | Home library | Current library | Shelving location | Total Checkouts | Full call number | Barcode | Date last seen | Copy number | Koha item type |
|---|---|---|---|---|---|---|---|---|---|---|---|
| Dewey Decimal Classification | JCC Rouf Library | JCC Rouf Library | General Stacks | 629.132/5217 GLA 1999 | 11172 | 02/26/2018 | C - 1 | Books |